| 000 | 00814nam a22002297a 4500 | ||
|---|---|---|---|
| 003 | OSt | ||
| 005 | 20251201111436.0 | ||
| 008 | 251201b |||||||| |||| 00| 0 eng d | ||
| 020 | _a978-1-890627-87-4. | ||
| 040 |
_aDWCL-Main lib. _cOC |
||
| 082 |
_21st ed. _aCirc. 618.92858842 S611d 2010 |
||
| 100 | _aSimons, Jo Ann | ||
| 245 |
_aThe down syndrome transition handbook : _bcharting your child's course to adulthood/ _cJo Ann Simons |
||
| 250 | _a1st ed. | ||
| 260 |
_aBethesdas, MD : _bwoodbine House, Inc. , _cc2010 |
||
| 300 |
_axix, 289 p. : _bill. ; _c28 cm. |
||
| 504 | _aIncludes bibliographical references & index. | ||
| 650 | _a1. Children with mental disabilities. | ||
| 650 | _a2. Down syndrome-Patients. | ||
| 650 | _a3. Social adjustment | ||
| 942 |
_2ddc _cBK-CIRC _e1st ed. _hCirc. _n0 |
||
| 999 |
_c6642 _d6642 |
||